1057 1843 1180 1154 1273 1216 1090 1163 1097 1030 1986 1582 1763 1223 1564 1061 1705 1888 1382 1672 1971 1272 1980 1412 1582 1476 1706 1139 1033 1215 1757 1220 1181 1346 1150 1219 1907 1181 1928 1963 1035 1075 1496 1210 1578 1128 1703 1797 1456 1448 1162 1727 1158 1956 1502 1595 1356 1280 1887 1383 1916 1799 1860 1502 1740 1922 1617 1971 1557 1861 1844 1598 1127 1052 1367 1477 1946 1902 1873 1120 1353 1514 1691 1746 1409 1307 1062 1452 1783 1203 1940 1433 1957 1690 1738 1442 1853 1062 1439 BCNSPRNW ULIB Ver.6.0+V

เปลี่ยนเป็นภาษาไทย

Change to English
 แสดงรายละเอียดบรรณานุกรม
  กลับหน้าหลัก

Brief Record : Get Marc (ISO 2709) : E-mail record : QR code < ปิดหน้าต่าง
LEADER : 00000nam 2200000uu 4500
001    13399114840
003     ULIB
008    110627s2555||||th 000 0 tha d
090    นว.^bว918G
100 0  เวสต์ แคลร์
245 00 ล่าขุมทรัพย์เกาะมหาสมบัติ/^cเวสต์ แคลร์
250    พิมพ์ครั้งที่ 1
260    กรุงเทพฯ :^bซีเอ็ดยูเคชั่น,^c2555-
300     หน้า
945    ^p0^l0^i028108
995    ทศพร
999 ^a ใช้งานได้ทุกระบบ
รายการนี้ยังไม่มีแท็ก
คุณยังไม่ได้ล็อกอิน คุณสามารถมีกิจกรรมร่วมกับเว็บไซต์ได้ แต่ต้องล็อกอินก่อน ::
  ล็อกอิน

รายการสื่อสารสนเทศ

ลำดับที่ ประเภท เลขเรียก/บาร์โค้ด สถานที่ สถานะ
1. นวนิยาย
นวนิยาย
นว. ว918G ฉ.1 
  Barcode: 028108
ห้องสมุดวิทยาเขตสวรรค์ประชารักษ์
►นวนิยาย
บนชั้น
  ขอยืม

รายการใกล้เคียง
    ผู้แต่ง [เวสต์ แคลร์]

BibComment


ยังไม่เคยถูกคอมเมนท์

คอมเมนท์ทรัพยากรรายการนี้
  คอมเมนท์: ล่าขุมทรัพย์เกาะม..


 Copyright 2026. Bcnsprnw @Library